zpět

Detail výsledku týmu

Pivnice Zahrada, Ostrava

Datum a čas kvízu

20 Celkem bodů Celkový počet nahraných bodů na tomto kvízu bez doplňovacích otázek.
7. Pořadí na kvízu Konečné umístění týmu na tomto kvízu.

Zaznamenané odpovědi

# Otázka Odpověď Body Výsledky
1. V sobotu se uskutečnila vzpomí... Panenské Břežany 1
2. Co neobvyklého přistálo ve čtv... C) kontejnerová loď 1
3. V pondělí nalezli francouzští... Jim Morrison 0
4. Kmen Marubo z Amazonského pral... C) na pornu 1
5. O víkendu se poblíž jednoho mě... Nové Město na Moravě 0
6. V tomto tématu se podíváme na... Robert Kennedy 1
7. Jak se jmenuje tento muž? Opět... Casey Affleck 0
8. Tentokrát nás zajímá příjmení... Hana Brejchová; Lásky jedné plavovlásky 0
9. Jak se jmenuje tento muž? Tent... Etzler; novinář 0
10. Napište jméno a příjmení tohot... Ralf Schumacher 0